000
00213 a2200097 4500
001
20500
100
_a
Vinogradov N
245
_a
Electrical Machine Winder
260
_a
_b
Mir Publisher
_c
090
_c
14897
_d
14897
942
_a
NUST-CAE
_c
M
_c
5443
999
_c
255573
_d
255573